| 000 | 00864nas a22002057a 4500 | ||
|---|---|---|---|
| 001 | K121142 | ||
| 007 | ta | ||
| 008 | 191021b2019 ||||| |||| 00| 0 eng d | ||
| 041 | _aeng | ||
| 100 | _aKimmel, Joel | ||
| 245 | _aNew world ordered | ||
| 260 | _c2019 | ||
| 490 |
_aModus _vJune 2019, 22-25(4) |
||
| 520 | _aThree speakers from the World Built Environment Forum Summit share their views on the future. Parag Khanna, founder of Futuremap, looks at what great connectivity will mean for cities. Michael Ferguson, from Energy Infrastructure Practice, looks at what we will need to do to switch to renewable energy. Maureen Ehrenberg, from WeWork, looks at what tomorrow's workplace will look like. | ||
| 650 | _aWORLD BUILD ENVIRONMENT FORUM SUMMIT | ||
| 650 | _aCITIES | ||
| 650 | _aPROPTECH | ||
| 650 | _aRENEWABLE ENERGY | ||
| 651 | _aUnited Kingdom | ||
| 999 |
_c121142 _d121142 |
||